La dinámica sociocultural de los sistemas de abastecimiento de agua intradomiciliar en localidades rurales. Un estudio de casos en : San Roque, Grecia; Colonia Guayabo (Santa Teresita), Turrialba; Bri Bri (Bratsi), Talamanca /

Na minha lista:
Detalhes bibliográficos
Autor principal: Fontana Coto, Yamilette
Outros Autores: Quintero Arauz, Xinia, Umaña Moya, Ana
Formato: Tese
Idioma:Spanish
Publicado em: Costa Rica : sin editar, 2005
Assuntos:
Tags: Adicionar Tag
Sem tags, seja o primeiro a adicionar uma tag!

MARC

LEADER 00000 a2200000 04500
001 48209
003
008 050627s2005 cr a spa d
040 |a CRAI/IIS  |c CRAI/IIS 
090 |a 17.05.05 F679d  
100 |a Fontana Coto, Yamilette  
245 |a La dinámica sociocultural de los sistemas de abastecimiento de agua intradomiciliar en localidades rurales.   |b Un estudio de casos en : San Roque, Grecia; Colonia Guayabo (Santa Teresita), Turrialba; Bri Bri (Bratsi), Talamanca /   |c Yamilette Fontana Coto; Xinia Quintero Arauz y Ana Umaña Moya  
260 |a Costa Rica :   |b sin editar,   |c 2005  
300 |b il.  
502 |a Seminario de graduación [Licenciatura]. Universidad de Costa Rica. Facultad de Ciencias Sociales. Escuela de Antropología y Sociología. Departamento de Sociología  
650 |a ABASTECIMIENTO DE AGUA  
650 |2 Macrothesaurus de la OCDE/ 
650 |a ACUEDUCTOS  
650 |2 Macrothesaurus de la OCDE/  
650 |a DISTRIBUCION DEL AGUA  
650 |2 Macrothesuarus de la OCDE/   |z -COSTA RICA   |z -TURRIALBA   |z -ALAJUELA   |z -GRECIA   |z -LIMON   |z -TALAMANCA  
700 |a Quintero Arauz, Xinia  
700 |a Umaña Moya, Ana  
999 |c 17989  |d 17989